000 00476nmm a2200169Ia 4500
008 251105s9999||||xx |||||||||||||||||und||
020 _a9788433926128
041 _aspa
100 _aLuque, Nazario
245 0 _aLa vida cotidiana del dibujante underground
264 _a[Madrid, España] :
_bEditorial Anagrama,
_c2016
300 _a296 páginas
490 _aCrónicas
650 _aBiography
856 _uhttps://public.digitaliapublishing.com/a/42407
942 _cCF
999 _c81756
_d81756